La física en problemas (Record no. 55927)

MARC details
000 -LEADER
campo de control de longitud fija 00617nam a2200193 i 4500
001 - NÚMERO DE CONTROL
campo de control 55927
003 - IDENTIFICADOR DE NÚMERO DE CONTROL
campo de control ES-MaACL
005 - FECHA Y HORA DE LA ÚLTIMA TRANSACCIÓN
campo de control 20230906163240.0
007 - CAMPO FIJO DE DESCRIPCIÓN FÍSICA--INFORMACIÓN GENERAL
campo de control de longitud fija t|
008 - DATOS DE LONGITUD FIJA--INFORMACIÓN GENERAL
campo de control de longitud fija 030930s1982 sp ||||1| spa d
100 1# - ENTRADA PRINCIPAL--NOMBRE DE PERSONA
Nombre de persona Díaz Díaz, J. L.
9 (RLIN) 44265
245 13 - MENCIÓN DEL TÍTULO
Título La física en problemas
Resto del título : las magnitudes físicas /
Mención de responsabilidad, etc. J.L. Díaz Díaz, J.M. Jiménez Moreno, M. López Rodríguez.
250 ## - MENCION DE EDICION
Mención de edición [1ª ed.].
260 ## - PUBLICACIÓN, DISTRIBUCIÓN, ETC.
Lugar de publicación, distribución, etc. [Madrid] :
Nombre del editor, distribuidor, etc. Alhambra,
Fecha de publicación, distribución, etc. [1982]
300 ## - DESCRIPCIÓN FÍSICA
Extensión VIII, 382 p. ;
Dimensiones 24 cm.
700 1# - ENTRADA AGREGADA--NOMBRE PERSONAL
Nombre de persona Jiménez Moreno, J. L.
9 (RLIN) 66571
700 1# - ENTRADA AGREGADA--NOMBRE PERSONAL
Nombre de persona López Rodríguez, M.
9 (RLIN) 73932
852 ## - LOCALIZACIÓN
Ubicación ES-MaACL
Número de control de estantería L-1797
Sublocalización o colección R.102483
Holdings
Estatus retirado Estado de pérdida Estado de daño No para préstamo Biblioteca de origen Biblioteca actual Ubicación en estantería Fecha de adquisición Fuente de adquisición Total de préstamos Signatura topográfica completa Código de barras Visto por última vez Precio de reemplazo Tipo de ítem Koha
        Biblioteca del Ateneo de Madrid Biblioteca del Ateneo de Madrid Depósito 2 17/01/2008     L-1797 1058748 23/02/2023 23/02/2023 Libro impreso